header

Modern astrodynamics (Record no. 94003)

MARC details
000 -LEADER
fixed length control field 01284nam a2200349Ia 4500
082 04 - DEWEY DECIMAL CLASSIFICATION NUMBER
Classification number 629.41
245 00 - TITLE STATEMENT
Title Modern astrodynamics
260 ## - PUBLICATION, DISTRIBUTION, ETC. (IMPRINT)
Place of publication Oxford :
Name of publisher Academic,
Year of publication 2006.
300 ## - PHYSICAL DESCRIPTION
Number of Pages xiii, 283 p., [8] p. of plates :
Other physical details ill. (some col.).
490 1# - SERIES STATEMENT
Series statement Elsevier astrodynamics series
650 #0 - SUBJECT ADDED ENTRY--TOPICAL TERM
Topical Term Astrodynamics.
Topical Term Astrophysics.
700 1# - ADDED ENTRY--PERSONAL NAME
Personal name Gurfil, Pini.
856 40 - ELECTRONIC LOCATION AND ACCESS
Uniform Resource Identifier http://site.ebrary.com/lib/rucke/Doc?id=10150550

No items available.

© 2026 Rongo University
Contact us: librarian | system librarian | Rongo university